000 00427nam a2200145Ia 4500
008 230917s9999||||xx |||||||||||||| ||und||
040 _e207379
_aMAIN
041 _aEnglish
082 _a363.700113 J211E
100 _aJakeman, A J,ed.
245 0 _aEnvironmental modelling, software and decision support: state of the art and new perspective
260 _aAmsterdam
_bElsevier
_c2008
300 _axvi, 369 p.
942 _cBK
999 _c173070
_d173070